书目信息 |
| 题名: |
四川电信史
|
|
| 作者: | 《四川电信史》编委会编 | |
| 分册: | 下册 | |
| 出版信息: | 北京 人民邮电出版社 2016 |
|
| 页数: | 349-695页 | |
| 开本: | 25cm | |
| 丛书名: | ||
| 单 册: | ||
| 中图分类: | F632.9 | |
| 科图分类: | ||
| 主题词: | 通信工业--经济史--四川--1886-2015 | |
| 电子资源: | ||
| ISBN: | 978-7-115-42815-8 | |
| 000 | 00727nam0 2200217 45 | |
| 001 | 012001005395 | |
| 005 | 20181010094555.12 | |
| 010 | @a978-7-115-42815-8@dCNY82.50 | |
| 100 | @a20180612d2016 em y0chiy50 ea | |
| 101 | 0 | @achi |
| 102 | @aCN@b110000 | |
| 105 | @aa z 000yy | |
| 106 | @ar | |
| 200 | 1 | @a四川电信史@9si chuan dian xin shi@e1886-2015@h下册@f《四川电信史》编委会编@F《 Si Chuan Dian Xin Shi》 Bian Wei Bian@PSCDXSBWB |
| 210 | @a北京@c人民邮电出版社@d2016 | |
| 215 | @a349-695页@c照片@d25cm | |
| 330 | @a本书是一部系统反映130年四川电信事业发展变化的历史著述。 | |
| 606 | 0 | @a通信工业@x经济史@y四川@z1886-2015 |
| 690 | @aF632.9@v5 | |
| 801 | 0 | @aCN@b上海新华@c20180901 |
| 905 | @b1173822-4@dF632.9@e17:2@f3 | |
| 四川电信史:1886-2015.下册/《四川电信史》编委会编.-北京:人民邮电出版社,2016 |
| 349-695页:照片;25cm |
| ISBN 978-7-115-42815-8:CNY82.50 |
| 本书是一部系统反映130年四川电信事业发展变化的历史著述。 |
| ● |
| 相关链接 |
|
|
|
|
正题名:四川电信史
索取号:F632.9/17:2
 
预约/预借
| 序号 | 登录号 | 条形码 | 馆藏地/架位号 | 状态 | 备注 |
| 1 | 1173822 | 211738226 | 第一样本阅览室/ [索取号:F632.9/17:2] | 在馆 | |
| 2 | 1173823 | 211738235 | 第一借阅区/ [索取号:F632.9/17:2] | 在馆 | |
| 3 | 1173824 | 211738244 | 密集书库-海洋学院/ [索取号:F632.9/17:2] | 在馆 |